Normal view
MARC view
- Krishnaraju, N
Entry Personal Name
001 - CONTROL NUMBER
- control field: 7581
003 - CONTROL NUMBER IDENTIFIER
- control field: OSt
005 - DATE AND TIME OF LATEST TRANSACTION
- control field: 20250617151152.0
008 - FIXED-LENGTH DATA ELEMENTS
- fixed length control field: 250617|| aca||aabn | a|a d
040 ## - CATALOGING SOURCE
- Original cataloging agency: OSt
- Transcribing agency: OSt
100 ## - HEADING--PERSONAL NAME
- Personal name: Krishnaraju, N
670 ## - SOURCE DATA FOUND
- Source citation: Work cat.: (OSt)1969: Krishnaraju, N ., Advanced reinforced concrete design / , 1988.
